| 000 | 00611 a2200241 4500 | ||
|---|---|---|---|
| 005 | 20260129102749.0 | ||
| 008 | 260128b |||||||| |||| 00| 0 eng d | ||
| 020 |
_a9788131271797 _cRs. 8995.00 |
||
| 040 | _aMAIN | ||
| 082 |
_a571.6 _bP761C(4) |
||
| 100 | _aPollard, Thomas D | ||
| 245 | _aCell biology | ||
| 250 | _a4th | ||
| 260 |
_bElsiver _c2024 _aNew Delhi |
||
| 300 | _axi, 932 | ||
| 650 | _aBiology | ||
| 650 | _aCell Biology | ||
| 650 | _aMolecular Biology | ||
| 700 | _aEarnshaw, William C | ||
| 700 | _aLippincatt-Schwartz Jennifer | ||
| 700 | _aJohnson, Graham T | ||
| 942 | _cBK | ||
| 999 |
_c393766 _d393766 |
||